000 00457nam a2200157 4500
001 111071
003 ES-MaACL
005 20230906185232.0
007 t|
008 061121s1971 sp r ||||1| spa d
100 1 _aNaves Solano, Elías.
_985228
245 1 0 _aHay dinero en el canario y otros pájaros exóticos /
_cElías Naves.
260 _aBarcelona :
_bSintes,
_c1971.
300 _a252 p. :
_bil. ;
_c18 cm.
852 _aES-MaACL
_jC-45409
_bR.78541
999 _c111071
_d111071